| 000 | 01599nam0a2200373 i 4500 | ||
|---|---|---|---|
| 001 | RU\NLR\bibl\2052337 | ||
| 005 | 20240921133254.0 | ||
| 010 |
_a9785699638543 _910000 |
||
| 021 |
_aRU _b2013-33093 _9302д/13 |
||
| 035 | _a(nilc)LIBNET\0000357847 | ||
| 035 | _a(NLR Aleph) 002039339 | ||
| 090 |
_a4588398 _c4588398 |
||
| 100 | _a20130708d2013 u y0rusy50 ca | ||
| 101 | 0 | _arus | |
| 102 | _aRU | ||
| 105 | _aa ||||||||| | ||
| 200 | 1 |
_aАнгел-Вор _e[рассказы о церкви] _fНиколай Байтов |
|
| 210 |
_aМосква _cЭксмо _d2013 |
||
| 215 |
_a316, [2] с. _cил. _d21 |
||
| 225 | 1 | _aПравославная серия | |
| 225 | 1 | _aСерафим: православная художественная литература | |
| 300 | _aНа обл. подзаг.: рассказы о церкви | ||
| 327 | 0 | _aСодерж.: Ильин день; Татьяна; Про Колю Киселева; Пиво; Ангел-Вор; Молчание; Свидетельство о смерти; Ветровые нагрузки; Различие; Узел [и др.] | |
| 686 |
_a84(2=Рус)6-44 _vLBC/RL _2rubbk |
||
| 686 | _aШ6(2=Р)8-44 | ||
| 700 | 1 |
_4070 _7ca _8rus _aБайтов _bН. В. _f1951- _gНиколай Владимирович _9170422 _3RU\NLR\AUTH\770170472 |
|
| 801 | 0 |
_aRU _bПсковская ОУНБ _c20130708 _grcr |
|
| 801 | 1 |
_aRU _bПсковская ОУНБ _c20130708 |
|
| 801 | 2 |
_aRU _bNLR _c20130710 _grcr |
|
| 942 | _cBOOK | ||
| 980 | _aNBR | ||